[Event "European Team Championship"]
[Site "?"]
[Date "2017.10.31"]
[Round "4.2"]
[White "Erdos, Viktor"]
[Black "Nepomniachtchi, Ian"]
[Result "1-0"]
[WhiteElo "2624"]
[BlackElo "2733"]
[EventDate "2017.??.??"]
[Annotator "Bojkov,Dejan"]
[PlyCount "105"]
[Beauty "6805241463305"]
[EventType "team-tourn"]

1.Nf3 c5 2.c4 Nf6 3.Nc3 d5 4.cxd5 Nxd5 5.e3 {A fashionable Anti-Gruenfeld line.} 5...Nxc3 6.dxc3 {This is the top trend.} ( {The true Gruenfeld players do not fear} 6.bxc3 g6 {Nepomniachtchi himself proved this thesis on many occasions. A recent one went:} 7.h4 Bg7 8.h5 Nc6 9.Be2 b6 10.Kf1 Qd6 11.d4 O-O 12.Ba3 Bf5 13.Kg1 Rfd8 14.Qa4 Qf6 15.hxg6 hxg6 16.Rf1 Rac8 {with roughly balanced game, Aronian,L (2799)-Nepomniachtchi,I (2751) Saint Louis 2017} ) 6...Qxd1+ 7.Kxd1 {A handful of games have been played in this line. Unsurprisingly two of them by Nepomniachtchi.} 7...b6 ( {Carlsen managed to outplay MVL in Saint Louis after} 7...Bf5 8.Nd2 Nc6 9.e4 Bg6 10.Bb5 Rc8 11.h4 h5 12.Re1 e6 13.a4 Be7 14.g3 O-O 15.a5 {although at the end of the day it was the Frenchman who emerged victorious, Carlsen,M (2822)-Vachier Lagrave,M (2791) Saint Louis 2017} ) ( {In Baku the Russian GM managed to equalize after} 7...Nc6 8.e4 b6 9.Kc2 Bb7 10.Bf4 f6 11.Rd1 e5 12.Bc1 Na5 13.Bb5+ Kf7 14.Rhe1 a6 15.Bc4+ Nxc4 16.Rd7+ Be7 17.Rxb7 Rhb8 18.Rxb8 Rxb8 {Vidit,S (2669) -Nepomniachtchi,I (2740) Baku 2016} ) 8.Bb5+ $146 {A novelty by Erdos. White is happy to trade off the light-squared bishops. This is an improvement upon another game of his opponent.} ( 8.e4 Bb7 9.Bb5+ Bc6 10.a4 a6 11.Bxc6+ Nxc6 12.Kc2 e6 13.Rd1 {although here too White was somewhat better, Wang,Y (2728) -Nepomniachtchi,I (2719) Moscow 2016} ) 8...Bd7 9.a4 a6 ( {Maybe Black should have tried} 9...Nc6 $5 ) 10.Bxd7+ Nxd7 11.e4 e6 12.Bf4 {Erdos can be happy with the opening outcome. He has a slight, but solid advantage thanks to the better pawn structure. His main advantage is that his pawns on a4 and e4 are nicely placed on light squares, thus making sure they are not obstructing their own bishop. His king will be also ideally positioned on c2, while the opponent's one will find it hard to remain in the center.} 12...f6 ( {Or} 12...O-O-O 13.Kc2 Be7 14.Nd2 {followed by Nd2-c4 and pressure along the d-file.} ) 13.Nd2 {White's play is very easy and clear. The knight always goes to c4, takes under control the b6 and d6 squares, the king moves to c2 and the rooks get doubled along the d-file. What exactly is black doing remains mistery.} 13...Be7 14.Nc4 Kf7 ( {If Black wanted to play as in the game, he should have done e6-e5 at once:} 14...e5 15.Be3 O-O-O 16.Kc2 Kc7 {although White definitely calls the shots here too.} ) 15.Kc2 e5 {A tough move to make. Now d5 is permanently weak. What's more, the e5-pawn might be easily attacked.} ( {Although} 15...Ra7 {would be similar after} 16.Rhd1 g5 17.Be3 ) 16.Rhd1 Ke6 17.Be3 Rhb8 18.f4 $1 {Erdos wins the b8-h2 diagonal and penetrates along the d-file. His advantage became significant.} 18...exf4 ( 18...g6 $2 {drops the knight after} 19.f5+ gxf5 20.exf5+ ) 19.Bxf4 Rb7 20.Rd5 Raa7 ( {Or} 20...Nf8 21.Bd6 Rd8 22.Rad1 {with similar consequences.} ) 21.Nd6 ( {White already had a pleasant choice.} 21.a5 {seemed even better, with clear edge after} 21...b5 22.Nd6 Bxd6 23.Rxd6+ Ke7 24.Rad1 ( {Or} 24.Rc6 ) ) 21...Bxd6 22.Rxd6+ Ke7 23.Rc6 Ra8 ( {For good or for bad Nepomniachtchi had to block the queenside with} 23...a5 $1 24.Rd1 Ra8 {and hope that his fortress is solid enough to hold.} ) 24.a5 $1 {Now the a6- and c5-pawns become desperately weak.} 24...Kf7 ( 24...bxa5 25.Rxa5 {would also drop a pawn soon.} ) 25.axb6 Rxb6 26.Rc7 Ke8 ( {If} 26...Ke6 27.Rd1 Rd8 28.e5 $1 {is very strong with the idea} 28...fxe5 29.Bg5 ) 27.Rd1 Rd8 28.Rd6 {White wins a pawn.} ( 28.Bd6 $5 {was also good, but Erdos was in slight time pressure and decided t play it safe.} ) 28...g5 29.Bg3 Rxd6 30.Bxd6 h5 31.Bxc5 Nxc5 32.Rxc5 {The endgame is won for White. Besides the extra pawn he has more active rook and king.} 32...Kf7 33.Rd5 ( 33.b4 $5 ) 33...Re8 34.Kd3 h4 35.b4 h3 {The last hope for counter play.} 36.g3 $1 {Not allowing any chances.} 36...Rb8 37.Kd4 Ke6 38.Ra5 Rb6 39.Rc5 ( 39.g4 {at once was good, but White will come to this idea in a couple of moves.} ) 39...Rd6+ 40.Rd5 Rb6 41.g4 Kf7 42.e5 {The king gets in, the end is near.} 42...Ke7 43.Ke4 Rc6 44.Kf5 ( {Or} 44.Rc5 Rxc5 45.exf6+ Kxf6 46.bxc5 Ke6 47.Kd4 {and wins.} ) 44...fxe5 45.Rxe5+ Kf7 46.Re3 a5 47.Rxh3 Kg7 ( {Nothing helps:} 47...axb4 48.cxb4 Rb6 49.Rh7+ Kg8 50.Rc7 ) 48.bxa5 Rc5+ 49.Ke6 Rxa5 50.c4 Ra6+ 51.Kd5 Kf7 52.Re3 Ra4 53.h3 {The c-passer is unstoppable.} 1-0

[Event "Chess.com International"]
[Site "Isle of Man"]
[Date "2017.10.01"]
[Round "9.5"]
[White "Jones, Gawain C"]
[Black "Kramnik, Vladimir"]
[Result "0-1"]
[WhiteElo "2668"]
[BlackElo "2803"]
[EventDate "2017.??.??"]
[Annotator "Bojkov,Dejan"]
[PlyCount "64"]
[Beauty "8247968794124"]
[EventType "schev"]
[EventRounds "2"]
[EventCountry "IOM"]

1.e4 e5 2.Nf3 Nc6 3.d4 exd4 4.Nxd4 Nf6 5.Nxc6 bxc6 6.e5 Qe7 7.Qe2 Nd5 8.c4 Ba6 9.Nd2 g6 10.Nf3 ( {Harikrishna played instead} 10.b3 Bg7 11.Nf3 O-O 12.Qb2 Nb6 {and got compensation for a pawn after} 13.Qa3 Qxa3 ( 13...c5 $5 {however seems more appropriate with the white king in the middle.} ) 14.Bxa3 Rfe8 15.O-O-O Bxe5 16.Nxe5 Rxe5 17.Bb2 {Harikrishna,P (2750)-Tomashevsky,E (2696) Moscow 2017} ) 10...Qb4+ 11.Kd1 Ne7 {"I think this is almost a novelty, and a strong one." (Kramnik)} 12.Qc2 $146 {Technically, this is the novelty.} ( {In comparison to} 12.Qd2 Qb6 13.Kc2 Bg7 14.b3 c5 {with approximate equality in Alonso,S (2499)-Paveto,K (2424) Buenos Aires 2015} ) 12...c5 {Kramnik was happy with the opening outcome. Jones's king remained in the center and in order to keep it safe he will need to spend some tempos and trade the opponent's queen.} 13.Bd3 Bg7 14.Re1 O-O 15.Qb3 ( {White could also try to escape on the kingside, but there are some other problems after} 15.Ke2 Bb7 16.Be4 Bxe4 17.Qxe4 Nc6 {The e5 pawn is as very often in the Scotch vulnerable. Say} 18.Kf1 Rae8 19.Bf4 d6 ( 19...Qxb2 ) ) 15...Nc6 ( 15...Qb6 {at once was also good.} ) 16.Bd2 ( 16.Qxb4 {works well for Black after} 16...Nxb4 17.Bf1 Rab8 18.a3 Nc6 ) 16...Qb6 17.Qxb6 axb6 {"It is clear that Black is doing more than well, but I need to stop White from consolidating." (Kramnik)} 18.Kc2 Rad8 19.a3 ( {Perhaps Jones could have defended without this weakening move. Like} 19.Rad1 ) 19...d6 {Opens the game before White gets ready.} 20.exd6 Rxd6 21.Bc3 ( {If} 21.Rad1 Bxb2 {wins material, for example} 22.Bf4 Bxa3 23.Bxd6 cxd6 24.Ra1 Nb4+ 25.Kd2 ( 25.Kc3 Bb2+ $1 ) 25...Bb2 ) ( {Kramnik believed} 21.Bf4 $1 {was critical and intended to go for the highly original} 21...Rf6 ( {If Black wants to play correct chess, then} 21...Nd4+ {is his move with slight advantage after} 22.Nxd4 Rxd4 ) 22.Bxc7 g5 {idea. Objectively speaking, the couter-original play with} 23.Re4 h5 24.Bxb6 g4 25.Bxc5 $1 gxf3 26.Bxf8 {would have put a shadow on this.} ) 21...Na5 {" I think he missed this move." (Kramnik)} 22.Bxg7 ( 22.Bxa5 bxa5 {"is not an option (for White), he is just much worse." (Kramnik)} ) 22...Kxg7 23.Nd2 ( {White's best chance seems to be} 23.Kc3 Rfd8 24.Be2 Nc6 25.Rad1 Nd4 26.Nxd4 cxd4+ 27.Kd3 {although Black is certainly better here too.} ) ( {Kramnik spent a lot of time calculating the consequences of the aggressive} 23.Re7 {White's idea is revelaed in the beauiful line} 23...Rfd8 ( {Instead the former world champion planned} 23...Kf6 {with the idea} 24.Rxc7 Rfd8 25.Be2 ( 25.b4 $1 {is best with good draw chances.} ) 25...Bc8 26.b4 {Now this is coming too late-} 26...Bf5+ 27.Kb2 $2 ( 27.Kc3 $1 {and it is not yet clear how is Black winning.} ) 27...Rd2+ 28.Nxd2 Rxd2+ 29.Kc1 Nb3# {(Kramnik)} ) 24.Ne5 Kf6 25.Rxf7+ Kxe5 26.Re1+ Kd4 27.Rf4# {(Kramnik)} ) 23...Rfd8 {Now the problems along the d-file are more than obvious.} 24.Re3 Bc8 $1 {This is the problematic piece for Black in the Scotch. But Kramnik found an elegant solution for it. The bishop joins the attack and it becomes irresistable.} 25.Kc3 {The alternatives are no better:} ( 25.Rae1 $2 {loses to} 25...Bf5 26.Ne4 Bxe4 27.Bxe4 Nxc4 ) ( 25.f3 {is bad after} 25...Bf5 26.Ne4 Bxe4 27.fxe4 Nc6 ) ( 25.Nf3 {drops a pawn after} 25...Rxd3 26.Rxd3 Bf5 27.Ne1 Nxc4 ) 25...Bf5 26.Bxf5 Rxd2 27.Be4 ( {The last critical line was} 27.Rd3 {(Kramnik) when the win could be like this-} 27...gxf5 28.Rxd2 Rxd2 29.Kxd2 Nb3+ 30.Kc3 Nxa1 31.f4 ( 31.b4 cxb4+ 32.axb4 f4 {to open the road for the king} 33.Kb2 Kf6 {(Kramnik)} ) 31...Kg6 32.g3 h5 33.h4 Kf6 34.b4 cxb4+ 35.axb4 Ke6 36.Kb2 b5 37.cxb5 Kd5 ) ( {Objectively best was} 27.b4 gxf5 28.bxa5 Rxf2 {although Black is a clear pawn ahead and should be technically winning.} ) 27...R8d4 28.b3 ( {Or} 28.Bd5 c6 29.b4 cxd5 30.bxa5 bxa5 ) 28...Rxf2 29.Rf3 Re2 30.Bd5 c6 $1 {Calculated well in advance.} 31.Bxf7 ( {Or} 31.Rxf7+ Kh6 32.Bf3 Re3+ 33.Kc2 Nxb3 ) 31...Nb7 $1 32.b4 Nd6 {The bishop is trapped.} 0-1

[Event "European Team Championship"]
[Site "?"]
[Date "2017.11.04"]
[Round "7.3"]
[White "Naiditsch, Arkadij"]
[Black "Rapport, Richard"]
[Result "1-0"]
[WhiteElo "2702"]
[BlackElo "2686"]
[EventDate "2017.??.??"]
[Annotator "Bojkov,Dejan"]
[PlyCount "81"]
[Beauty "7629606768649"]
[EventType "team-tourn"]
[WhiteTeam "Azerbaijan"]
[BlackTeam "Hungary"]
[WhiteTeamCountry "AZE"]
[BlackTeamCountry "HUN"]

1.e4 c5 2.Nf3 e6 3.d4 cxd4 4.Nxd4 a6 5.Bd3 g6 {Quite a fresh Kan Sicilian.} 6.Nd2 {A flexible move.} ( {The more "central" knight move is also possible:} 6.Nc3 Bg7 7.Be3 Ne7 8.Qd2 d5 9.exd5 Nxd5 10.Nxd5 Qxd5 {as in Oparin,G (2621) -Kamsky,G (2648) Novi Sad 2016} ) 6...Bg7 7.N2f3 d6 ( {Here} 7...d5 {would be met with} 8.e5 ) 8.O-O Nd7 $146 {Rapport's queenside knight development is also flexible and new.} ( {In an predecessor Bologan did well after} 8...Nf6 9.Qe2 O-O 10.Rd1 Nbd7 {Bauer,C (2525)-Bologan,V (2585) Germany 1998} ) 9.b3 {The pawn on d6 is always tempting in these lines. Naiditsch goes for it.} 9...Ne7 10.Ba3 Qc7 ( 10...Nc5 $5 ) 11.Qd2 O-O ( 11...b6 12.Rad1 O-O {also looks OK for Black.} ) 12.Rad1 Nc5 {The pawn is covered. Black gets time to finish the development the way that he likes it. The game is even.} 13.c4 e5 {Blocks his g7 bishop but opens the other one.} ( {Both} 13...b6 $5 ) ( {and} 13...Rd8 $5 {lead to approximately equal positions too.} ) 14.Ne2 Bg4 15.Ne1 f5 {An agressive approach. The position is extremely rich of intersting possibilities.} ( 15...b5 $5 {also agressive and probably sounder than in the game.} ) ( 15...Bxe2 $5 {also deserves attention, with play on the dark squares after} 16.Qxe2 Nc6 ) 16.h3 {White chases the bishop to h5 to get some additional possibilities.} ( 16.Bb1 $5 {at once was possible as well. In case of the captures on e4} 16...Nxe4 $6 ( {Or} 16...fxe4 17.Bxc5 dxc5 18.Bxe4 {with play on the light squares.} ) 17.Bxe4 fxe4 18.Bxd6 {White is better.} ) 16...Bh5 $5 {Obviously planning the next shot.} ( {Black rejects the unbalanced position after} 16...Bxe2 17.Qxe2 Nc6 18.exf5 gxf5 19.Bb1 {when White has the bishop pair, but Black is a proud owner of a strong center.} ) 17.Bb1 Bh6 {This was the deflection that Rapport had in mind.} ( {The aditional possibilities are demonstrated by the lines:} 17...Nxe4 18.Bxe4 fxe4 19.g4 ) ( {Or} 17...fxe4 $2 18.g4 {trapping the bishop in both cases.} ) ( 17...Bxe2 18.Qxe2 {is possible, but why not do it on the previous move?} ) 18.Qxd6 $1 {Forced, but good.} ( 18.Qxh6 $2 {of course loses to} 18...Bxe2 19.Nc2 Bxf1 20.Rxf1 Nxe4 ) 18...Qxd6 19.Rxd6 Bxe2 {The white rook is trapped.} 20.Bxc5 Rfc8 {The rook has nowhere to go.} ( 20...Bxf1 21.Kxf1 {only gives White extra possibilities.} ) 21.Ba3 {Naiditsch decided to keep the rook on the d-file for the time being.} ( 21.Rd7 Rxc5 22.Rxe7 Rd8 23.exf5 Rd1 {looks quite scary for White.} ) ( {But a more solid option was} 21.Bb6 Rc6 22.c5 Bf8 ) 21...Bf8 $1 {A nasty ambush!} 22.Rb6 ( {Here} 22.Rd7 {was to be preferred. After} 22...Nc6 23.Bxf8 Rxf8 24.Rxb7 {White hardly risks to lose.} ) 22...Rc7 {The rook on b6 is in danger.} 23.Bxe7 Bxe7 24.exf5 {White wins a second pawn for the exchange, but opens the f-file for the black rooks. Add to this the black bishop coming to c5 and you will know who is the one to worry here.} 24...gxf5 ( 24...Bc5 {is less accurate due to} 25.Re6 ) 25.Bxf5 Rf8 26.Be6+ {The only move.} ( {In the line} 26.Be4 $2 Bxf1 27.Kxf1 Bc5 28.Bd5+ Kg7 29.Re6 Rxf2+ 30.Kg1 Rxa2+ 31.Kh2 Re7 {all bad things happened on the f-file and the a7-g1 diagonal.} ) 26...Kh8 {I am not sure what did Rapport see in the lines.} ( {Perhaps he disliked the fact that his rook and king are sitting on the seventh rank in case of} 26...Kg7 27.b4 {but here Black was better after both:} 27...Rc6 ( {Or} 27...e4 28.Bd5 {and now not} 28...Bh4 ( {But} 28...Rf6 $1 29.Rxf6 Kxf6 30.a3 Bxc4 $1 {Maybe they both missed this idea?} 31.Bxc4 Rxc4 {and despite the extra pawn White must fight for his life as his knight is clearly dominated.} ) 29.f3 Bxf1 ( 29...Bf6 30.c5 Bd4+ 31.Rf2 Rd8 32.Bxb7 {with unclear position.} ) 30.Kxf1 Bxe1 31.Kxe1 exf3 32.gxf3 Rf6 {with approximate equality.} ) 28.Rxc6 bxc6 29.Nc2 Bxf1 30.Kxf1 Bh4 31.f3 e4 {The only one to play for the win is Black. Most likely Rapport wanted to make use of the b6 rook to gain tempoes and not to trade it at all.} ) 27.b4 $1 {Controls the a7-g1 diagonal.} 27...e4 $1 {A nice move to restrict the knight.} ( {Again} 27...Rc6 28.Rxc6 bxc6 29.Nc2 Bxf1 30.Kxf1 Bh4 31.f3 e4 {is somewhat better for Black although White should hold.} ) ( 27...Bh4 {would be met with} 28.Nf3 $1 ) 28.Bd5 {Both players are finding the best moves.} 28...Bh4 29.f3 {Forced.} ( 29.Bxe4 $2 {loses to} 29...Bxf1 30.Kxf1 Rxf2+ 31.Kg1 Re2 ) ( 29.g3 {is bad due to the simple} 29...Bxg3 ) 29...Bf6 {One of the three tempting options.} ( {The simple} 29...Bxf1 {would lead to highly unbalanced situation after} 30.Kxf1 exf3 31.Nxf3 ( 31.gxf3 ) 31...Re7 32.g4 Re1+ 33.Kg2 Re2+ 34.Kg1 Bf2+ 35.Kf1 Rxa2 36.Rxb7 ) ( {However there was the fantastic, counter-intuitive} 29...e3 $1 {with the idea to preserve the mighty passer. After} 30.Nc2 ( {Or} 30.Re6 {which might be White's best after} 30...Bf2+ 31.Rxf2 exf2+ 32.Kxf2 Bxc4 {although Black preserves winning chances here as well.} ) 30...Re8 $1 ( {Not} 30...Bxf1 $2 31.Kxf1 {and White will soon take on e3 and then on b7.} ) 31.Rc1 Bf2+ 32.Kh2 Bxc4 33.Rxb7 Rxb7 34.Bxb7 e2 35.Ne1 Rb8 {Black is definitely better.} ) 30.Nc2 {The knight wants out. Naiditsch could finally take his breath.} ( 30.Rxb7 {is less effective after} 30...Bd4+ 31.Rf2 Rxb7 32.Bxb7 Rb8 ) 30...exf3 ( {White does not risk anything after} 30...Bxf1 $6 31.Kxf1 exf3 32.gxf3 ) 31.Rxf3 {Twelve moves after it was trapped the rook finally makes a move.} ( 31.Re1 $4 {would be a poor square to choose-} 31...Bd4+ 32.Nxd4 f2+ ) ( 31.Bxf3 $2 {is not good neither for White after} 31...Bxf1 32.Kxf1 Rxc4 ) 31...Bxc4 $2 {Unbelievable. Rapport does not want the rook!} ( {The only one to try something after} 31...Bxf3 32.gxf3 Bc3 33.a3 Rd8 {would be White, but objectively it should end in a draw.} ) 32.Bxc4 Rxc4 33.Rbxf6 Rxf6 34.Rxf6 Rxc2 35.a4 Rc4 36.Rb6 {Somehow it feels strange that it is exactly this rook that wins the game for White.} 36...a5 37.bxa5 Rxa4 38.Rb5 Ra2 39.Kh2 Ra3 40.h4 {White's plan is g2-g3, Kh2-h3 and slowly up to h6.} 40...h6 41.Rb6 {Black resigned as he loses a second pawn.} ( 41.Rb6 Kg7 ( 41...h5 42.Rb5 ) 42.Rxb7+ ) 1-0